Vademecum moderní manažerky

Gespeichert in:
Bibliographische Detailangaben
1. Verfasser: Dvořák, Josef
Weitere Verfasser: Šolcová, Iva
Format: Buch
Sprache:Tschechisch
Veröffentlicht: Praha Management Press 1998
Schlagworte:
Tags: Tag hinzufügen
Keine Tags, Fügen Sie das erste Tag hinzu!

MARC

LEADER 00000nam$a2200000$$$4500
001 0021310
005 20240111125124.4
020 |a 80-85943-62-X 
041 0 |a cze 
044 |a CZ 
245 1 0 |a Vademecum moderní manažerky  |c Josef Dvořák, Iva Šolcová 
264 1 |a Praha  |b Management Press  |c 1998 
300 |a 163 s. 
610 2 0 |a pracovníci riadiaci 
610 2 0 |a manažéri 
610 2 0 |a vedenie podniku 
610 2 0 |a ženy 
610 2 0 |a správanie 
610 2 0 |a rodina 
610 2 0 |a kariéra 
610 2 0 |a komunikácia 
100 1 |a Dvořák, Josef 
700 1 |a Šolcová, Iva